[Event "Albena BUL, Team Ch 2011 GrA Men"]
[Site "Albena BUL"]
[Date "2011.06.02"]
[Round "1.1"]
[White "Berbatov, Kiprian"]
[Black "Jovchev, Aleksi"]
[Result "1-0"]
[WhiteElo "2490"]
[BlackElo "2282"]
[PlyCount "75"]
[EventDate "2011.06.02"]
[EventType "team"]
[EventRounds "7"]
[EventCountry "BUL"]

1. e4 e5 2. Nf3 Nc6 3. Bb5 a6 4. Ba4 Nf6 5. O-O Be7 6. Re1 b5 7. Bb3 O-O 8. c3
Bb7 9. d4 exd4 10. cxd4 d5 11. e5 Ne4 12. Nc3 Na5 13. Bc2 f5 14. exf6 Bxf6 15.
Nxe4 dxe4 16. Bxe4 Bxe4 17. Rxe4 Qd5 18. Qc2 Rae8 19. Rxe8 Rxe8 20. Be3 Nc4 21.
Qc3 c5 22. b3 Nd6 23. Rc1 cxd4 24. Qd3 Qf5 25. Qxf5 Nxf5 26. Bd2 d3 27. Kf1 Nd4
28. Ne1 Ne6 29. Be3 Bd4 30. Nxd3 Bxe3 31. fxe3 Ng5 32. Ke2 Ne4 33. Rc6 a5 34.
a3 Rd8 35. Rc2 Kf7 36. Ne5+ Kf6 37. Nc6 a4 38. Nxd8 1-0

[Event "Albena BUL, Team Ch 2011 GrA Men"]
[Site "Albena BUL"]
[Date "2011.06.02"]
[Round "1.1"]
[White "Popchev, Milko"]
[Black "Tsvetkov, Ilia"]
[Result "1-0"]
[WhiteElo "2462"]
[BlackElo "2363"]
[PlyCount "101"]
[EventDate "2011.06.02"]
[EventType "team"]
[EventRounds "7"]
[EventCountry "BUL"]

1. b3 e5 2. Bb2 Nc6 3. c4 Nf6 4. e3 g6 5. Nf3 d6 6. d4 Bg7 7. dxe5 Ng4 8. Nc3
Ngxe5 9. Be2 O-O 10. O-O Nxf3+ 11. Bxf3 Ne5 12. Be2 Qh4 13. Qd2 Bg4 14. Rad1
Rad8 15. f3 Be6 16. e4 Bh6 17. f4 Ng4 18. Bxg4 Bxg4 19. Nd5 Bg7 20. Bxg7 Kxg7
21. Qd4+ f6 22. Rd2 c6 23. Nc3 b6 24. f5 Qg5 25. Kh1 gxf5 26. h3 Qh6 27. exf5
Bh5 28. Rd3 Kh8 29. Qh4 Qg5 30. Qxg5 fxg5 31. g4 Bf7 32. Ne4 d5 33. Nxg5 Bg8
34. cxd5 Bxd5+ 35. Kh2 Rde8 36. Kg3 Re2 37. Rf2 Rfe8 38. Nf3 R8e3 39. Rxe3 Rxe3
40. f6 Kg8 41. g5 Re4 42. h4 Kf7 43. h5 Re8 44. Nh4 Re3+ 45. Kh2 Re1 46. g6+
hxg6 47. hxg6+ Kf8 48. f7 Rh1+ 49. Kg3 Rg1+ 50. Ng2 Bxg2 51. g7+ 1-0

[Event "Albena BUL, Team Ch 2011 GrA Men"]
[Site "Albena BUL"]
[Date "2011.06.02"]
[Round "1.2"]
[White "Nikolov, Momchil"]
[Black "Mladenov, Plamen"]
[Result "1-0"]
[WhiteElo "2583"]
[BlackElo "2376"]
[PlyCount "57"]
[EventDate "2011.06.02"]
[EventType "team"]
[EventRounds "7"]
[EventCountry "BUL"]

1. d4 d5 2. Nf3 Nf6 3. c4 e6 4. Nc3 c6 5. Bg5 Nbd7 6. e3 Qa5 7. Nd2 Bb4 8. Qc2
O-O 9. a3 Ne4 10. Ncxe4 dxe4 11. Bf4 g5 12. Bg3 f5 13. O-O-O Bxd2+ 14. Rxd2 e5
15. f3 f4 16. Be1 exd4 17. exd4 e3 18. Rd1 Qc7 19. g3 c5 20. gxf4 cxd4 21. Rxd4
Nc5 22. Rg1 g4 23. f5 h5 24. fxg4 Qb6 25. Kb1 Nb3 26. c5 Nxd4 27. Qc4+ Be6 28.
Qxd4 Qb3 29. gxh5+ 1-0

[Event "Albena BUL, Team Ch 2011 GrA Men"]
[Site "Albena BUL"]
[Date "2011.06.02"]
[Round "1.3"]
[White "Radulski, Julian"]
[Black "Rusev, Krasimir"]
[Result "1/2-1/2"]
[WhiteElo "2571"]
[BlackElo "2530"]
[PlyCount "80"]
[EventDate "2011.06.02"]
[EventType "team"]
[EventRounds "7"]
[EventCountry "BUL"]

1. e4 e5 2. Nf3 Nc6 3. Bb5 a6 4. Ba4 Nf6 5. O-O Be7 6. Re1 b5 7. Bb3 O-O 8. c3
d6 9. d3 Re8 10. Nbd2 Bf8 11. Nf1 Be6 12. a4 b4 13. Bg5 bxc3 14. bxc3 Rb8 15.
Bxe6 fxe6 16. Qe2 Be7 17. d4 Qc8 18. dxe5 dxe5 19. Rab1 Bd6 20. Bxf6 gxf6 21.
Ne3 Kh8 22. Ng4 Be7 23. h3 Rxb1 24. Rxb1 Na5 25. Rd1 Rf8 26. Qa2 c5 27. Ne3 Qc6
28. Nc4 Nxc4 29. Qxc4 Rb8 30. Ne1 Kg7 31. Nc2 Rb2 32. Ne3 Kf8 33. Rd3 Rb1+ 34.
Kh2 Rb2 35. Kg1 Rb1+ 36. Rd1 Rb2 37. Rf1 Kg7 38. Ng4 Qc8 39. Ne3 Kf8 40. Rd1
Qc6 1/2-1/2

[Event "Albena BUL, Team Ch 2011 GrA Men"]
[Site "Albena BUL"]
[Date "2011.06.02"]
[Round "1.3"]
[White "Janev, Evgeni"]
[Black "Vasilev, Milen"]
[Result "1-0"]
[WhiteElo "2500"]
[BlackElo "2474"]
[PlyCount "123"]
[EventDate "2011.06.02"]
[EventType "team"]
[EventRounds "7"]
[EventCountry "BUL"]

1. e4 e5 2. Bc4 Nc6 3. Nf3 Nf6 4. Qe2 Be7 5. c3 O-O 6. O-O d6 7. h3 Be6 8. Bxe6
fxe6 9. d4 Qe8 10. dxe5 dxe5 11. Nbd2 Qg6 12. b4 Bd6 13. Re1 Nh5 14. Nc4 b5 15.
Nxd6 cxd6 16. a4 bxa4 17. Rxa4 Nf4 18. Bxf4 Rxf4 19. b5 Nd8 20. Ra6 Nb7 21. Nd2
Raf8 22. f3 Qg3 23. Qf2 Qg5 24. Rea1 d5 25. Rxa7 Nd6 26. exd5 exd5 27. Qc5 e4
28. Qxd6 exf3 29. Nxf3 Rxf3 30. Qe6+ Kh8 31. Ra8 Qg3 32. Qe2 Rf2 33. Rxf8+ Rxf8
34. Qd2 h6 35. b6 Qd6 36. Rb1 Qc5+ 37. Qd4 Qxd4+ 38. cxd4 Kg8 39. b7 Rb8 40.
Kf2 Kf7 41. Kg3 Ke6 42. Rb6+ Kf5 43. Kf3 h5 44. g3 Kg5 45. Ke3 Kf5 46. Rb5 h4
47. Rxd5+ Ke6 48. Rb5 hxg3 49. Kf3 Kd6 50. Kxg3 Kc6 51. Rb4 Kc7 52. Kg4 g5 53.
Kxg5 Rg8+ 54. Kf6 Kb8 55. h4 Rh8 56. d5 Rh5 57. Rd4 Kxb7 58. Kg6 Rh8 59. h5 Kc7
60. d6+ Kd7 61. h6 Rg8+ 62. Kf6 1-0

[Event "Albena BUL, Team Ch 2011 GrA Men"]
[Site "Albena BUL"]
[Date "2011.06.02"]
[Round "1.3"]
[White "Ermenkov, Evgenij"]
[Black "Kozhuharov, Spas"]
[Result "0-1"]
[WhiteElo "2451"]
[BlackElo "2436"]
[PlyCount "72"]
[EventDate "2011.06.02"]
[EventType "team"]
[EventRounds "7"]
[EventCountry "BUL"]

1. e4 c5 2. Nf3 d6 3. d4 Nf6 4. Nc3 cxd4 5. Nxd4 g6 6. g3 Nc6 7. Nde2 Bg7 8.
Bg2 O-O 9. O-O Rb8 10. h3 b5 11. a3 a5 12. Re1 b4 13. axb4 axb4 14. Nd5 Nd7 15.
Nef4 e6 16. Ne3 Nb6 17. Nd3 Qc7 18. Ng4 f5 19. exf5 gxf5 20. Ne3 d5 21. Nf4 d4
22. Nf1 e5 23. Nd5 Qd6 24. Nxb6 Rxb6 25. Nd2 Be6 26. b3 e4 27. Nc4 Bxc4 28.
bxc4 Ne5 29. Bf4 Qc5 30. Bxe5 Bxe5 31. g4 d3 32. Rb1 fxg4 33. cxd3 gxh3 34.
Qg4+ Rg6 35. Qxh3 Rxf2 36. Kh1 Rfxg2 0-1

[Event "Albena BUL, Team Ch 2011 GrA Men"]
[Site "Albena BUL"]
[Date "2011.06.02"]
[Round "1.3"]
[White "Arnaudov, G  Petar"]
[Black "Dimov, Dian"]
[Result "1/2-1/2"]
[WhiteElo "2449"]
[BlackElo "2292"]
[PlyCount "74"]
[EventDate "2011.06.02"]
[EventType "team"]
[EventRounds "7"]
[EventCountry "BUL"]

1. c4 g6 2. d4 Bg7 3. Nc3 c5 4. d5 Bxc3+ 5. bxc3 f5 6. e4 fxe4 7. f3 e5 8. Qc2
Qh4+ 9. g3 Qe7 10. fxe4 d6 11. Bh3 Bxh3 12. Nxh3 h6 13. Rb1 Kf8 14. O-O+ Kg7
15. Rf3 b6 16. g4 g5 17. Rf5 Nd7 18. Be3 Rf8 19. Rbf1 Rxf5 20. Rxf5 Ngf6 21.
Nf2 Rg8 22. Qe2 Qe8 23. Qf3 Qg6 24. Nh1 Rf8 25. Ng3 Rf7 26. Qd1 Kg8 27. Kg2 Ne8
28. Qa4 Ndf6 29. Qc6 Kh7 30. h3 Ng7 31. Rf3 Nfe8 32. Qc8 Rxf3 33. Kxf3 Qf7+ 34.
Ke2 Qc7 35. Qa6 Qd7 36. Qb5 Nf6 37. a4 Kg6 1/2-1/2

[Event "Albena BUL, Team Ch 2011 GrA Men"]
[Site "Albena BUL"]
[Date "2011.06.02"]
[Round "1.4"]
[White "Dimitrov, Pavel"]
[Black "Chatalbashev, Boris"]
[Result "0-1"]
[WhiteElo "2344"]
[BlackElo "2591"]
[PlyCount "140"]
[EventDate "2011.06.02"]
[EventType "team"]
[EventRounds "7"]
[EventCountry "BUL"]

1. e4 c5 2. Nf3 Nc6 3. Bc4 Nf6 4. Nc3 e6 5. O-O Nxe4 6. Nxe4 d5 7. Bd3 c4 8.
Bxc4 dxe4 9. Ne1 Bd6 10. d3 O-O 11. Be3 Na5 12. Bb3 exd3 13. Nxd3 Qc7 14. h3 b6
15. c3 Ba6 16. Bc2 Rad8 17. Re1 e5 18. Qb1 f5 19. Nb4 Bc8 20. Bg5 Be7 21. Bxe7
Qxe7 22. Bb3+ Nxb3 23. axb3 Rd6 24. f4 e4 25. Nc2 Qh4 26. Qc1 Rd3 27. Re3 Qxf4
28. Rxd3 Qxc1+ 29. Rxc1 exd3 30. Nd4 Bb7 31. Kf2 f4 32. Rd1 Be4 33. Re1 Re8 34.
Nb5 Rd8 35. Nd4 Bg6 36. Re7 a5 37. Ke1 Rd5 38. Nf3 Rb5 39. Rd7 Rxb3 40. Ne5 Kf8
41. Rd4 Rxb2 42. Rxf4+ Ke7 43. Nxg6+ hxg6 44. Rg4 Kf6 45. Kd1 b5 46. Rd4 d2 47.
Rd6+ Kf5 48. Ra6 a4 49. Ke2 Kf4 50. c4 bxc4 51. Rxa4 Kg3 52. Rxc4 Kxg2 53. Rg4+
Kxh3 54. Rxg6 d1=Q+ 55. Kxd1 Rg2 56. Ra6 Kh2 57. Ke1 Kg1 58. Re6 g5 59. Rh6 Rg4
60. Ke2 Kg2 61. Re6 Ra4 62. Ke3 g4 63. Rg6 g3 64. Rg8 Ra3+ 65. Ke2 Ra7 66. Ke3
Re7+ 67. Kf4 Kf2 68. Ra8 g2 69. Ra2+ Re2 70. Ra1 g1=Q 0-1

[Event "Albena BUL, Team Ch 2011 GrA Men"]
[Site "Albena BUL"]
[Date "2011.06.02"]
[Round "1.4"]
[White "Petkov, Vladimir"]
[Black "Dimitrov, Radoslav"]
[Result "1/2-1/2"]
[WhiteElo "2517"]
[BlackElo "2410"]
[PlyCount "125"]
[EventDate "2011.06.02"]
[EventType "team"]
[EventRounds "7"]
[EventCountry "BUL"]

1. Nf3 Nc6 2. d4 Nf6 3. d5 Nb8 4. c4 g6 5. Nc3 Bg7 6. e4 d6 7. h3 O-O 8. Bd3 e5
9. Bg5 h6 10. Be3 Nfd7 11. b4 f5 12. Rc1 f4 13. Bd2 Kh7 14. a3 c5 15. dxc6 bxc6
16. c5 dxc5 17. Na4 cxb4 18. axb4 Na6 19. Qe2 Nb6 20. Bxa6 Nxa4 21. Rxc6 Rf6
22. Rxf6 Qxf6 23. Bb5 Nb6 24. Bc3 Qe6 25. O-O a6 26. Bd3 Bb7 27. Ra1 Nd7 28.
Qa2 Qd6 29. Rd1 Rc8 30. Qa1 Qe7 31. Bxa6 Ra8 32. b5 Bxe4 33. Nd2 Bd5 34. Re1
Qg5 35. f3 Nc5 36. Qa3 Nxa6 37. bxa6 Qf6 38. Qc5 Qc6 39. Qxc6 Bxc6 40. Ra1 Ra7
41. Ra5 g5 42. Nc4 e4 43. Bxg7 Kxg7 44. Ne5 Ba8 45. fxe4 Bxe4 46. Ra4 Ba8 47.
Nd3 Bc6 48. Ra5 Kf6 49. Nb4 Be4 50. Rb5 Rd7 51. Rb6+ Kf5 52. Rb5+ Ke6 53. Rb6+
Rd6 54. Rxd6+ Kxd6 55. a7 Kc7 56. Nd3 Bd5 57. Ne5 Kb7 58. Ng4 Kxa7 59. Nxh6 Be6
60. Kf2 Kb6 61. g3 Bxh3 62. gxf4 gxf4 63. Kf3 1/2-1/2

[Event "Albena BUL, Team Ch 2011 GrA Men"]
[Site "Albena BUL"]
[Date "2011.06.02"]
[Round "1.4"]
[White "Mrdja, Milan"]
[Black "Badev, Kiril"]
[Result "1-0"]
[WhiteElo "2385"]
[BlackElo "2307"]
[PlyCount "62"]
[EventDate "2011.06.02"]
[EventType "team"]
[EventRounds "7"]
[EventCountry "BUL"]

1. e4 c5 2. Nf3 Nc6 3. d4 cxd4 4. Nxd4 e5 5. Nb5 a6 6. Nd6+ Bxd6 7. Qxd6 Qf6 8.
Qd1 Qg6 9. Nc3 Nge7 10. h4 d5 11. h5 Qg4 12. Be2 Qd7 13. exd5 Nd4 14. h6 g6 15.
Ne4 Ng8 16. c4 f5 17. Nc5 Qd6 18. Nb3 Nxe2 19. Qxe2 Nf6 20. Be3 Kf7 21. O-O-O
b6 22. c5 bxc5 23. Bxc5 Qb8 24. Rhe1 Re8 25. Kb1 Bd7 26. Na5 Ne4 27. Rc1 Bb5
28. Qe3 Qd8 29. Bb4 Nf6 30. d6 Kg8 31. Qd2 Kh8 {...in 44 moves} 1-0

[Event "Albena BUL, Team Ch 2011 GrA Men"]
[Site "Albena BUL"]
[Date "2011.06.02"]
[Round "1.4"]
[White "Mishev, Liubomir"]
[Black "Marholev, Dimitar"]
[Result "0-1"]
[WhiteElo "2210"]
[BlackElo "2369"]
[PlyCount "88"]
[EventDate "2011.06.02"]
[EventType "team"]
[EventRounds "7"]
[EventCountry "BUL"]

1. e4 e5 2. Nf3 Nc6 3. Bb5 a6 4. Ba4 Nf6 5. O-O Be7 6. Re1 b5 7. Bb3 d6 8. c3
O-O 9. h3 Na5 10. Bc2 c5 11. d4 Qc7 12. d5 Bd7 13. b3 Ne8 14. Be3 g6 15. Bh6
Ng7 16. Nbd2 Nb7 17. Qe2 Nd8 18. Bd3 f6 19. a4 Rb8 20. axb5 axb5 21. Ra6 Nf7
22. Bxg7 Kxg7 23. Rea1 Rb7 24. R1a5 Rfb8 25. Ne1 Bd8 26. Nc2 Qxa5 27. Rxa5 Bxa5
28. b4 cxb4 29. cxb4 Bd8 30. Nb3 Ra7 31. Ne1 Ra4 32. Qd2 f5 33. Bc2 Bg5 34. Qc3
Rc8 35. Qb2 Rxb4 36. exf5 gxf5 37. Nd3 Rbc4 38. Bd1 Bf6 39. Qd2 Bg5 40. Qa5 e4
41. Nb4 Rc1 42. Nxc1 Rxc1 43. Qa7 Rxd1+ 44. Kh2 Ne5 0-1

[Event "Albena BUL, Team Ch 2011 GrA Men"]
[Site "Albena BUL"]
[Date "2011.06.02"]
[Round "1.4"]
[White "Dobrev, Nanko"]
[Black "Milchev, Nikolay"]
[Result "0-1"]
[WhiteElo "2400"]
[BlackElo "2371"]
[PlyCount "92"]
[EventDate "2011.06.02"]
[EventType "team"]
[EventRounds "7"]
[EventCountry "BUL"]

1. Nf3 Nc6 2. e4 e5 3. Nc3 Nf6 4. g3 d5 5. exd5 Nxd5 6. Bg2 Bg4 7. O-O Nxc3 8.
bxc3 Qd7 9. Qe1 Bd6 10. Nd4 Ne7 11. Nf3 f6 12. Rb1 c6 13. d4 exd4 14. Nxd4
O-O-O 15. f3 Bf5 16. Nxf5 Nxf5 17. Kh1 h5 18. Qf2 h4 19. Qxa7 Bb8 20. Qa8 h3
21. Bf4 hxg2+ 22. Kxg2 Nd6 23. Rf2 b5 24. c4 Qb7 25. Qxb7+ Kxb7 26. cxb5 cxb5
27. a4 b4 28. c3 b3 29. Rxb3+ Kc6 30. Rfb2 Bc7 31. c4 g5 32. c5 gxf4 33. cxd6
Rxd6 34. Rc2+ Kd7 35. Rb7 Rc6 36. Rxc6 Kxc6 37. Rb4 Bd6 38. Re4 Rg8 39. Re6
fxg3 40. f4 gxh2+ 41. Kxh2 Rg6 42. Kh3 Kd5 43. f5 Rh6+ 44. Kg4 Be5 45. a5 Rh2
46. Rb6 Rb2 0-1

[Event "Albena BUL, Team Ch 2011 GrA Men"]
[Site "Albena BUL"]
[Date "2011.06.03"]
[Round "2.1"]
[White "Popov, Ilian"]
[Black "Spasov, Vasil"]
[Result "0-1"]
[WhiteElo "2215"]
[BlackElo "2594"]
[PlyCount "72"]
[EventDate "2011.06.02"]
[EventType "team"]
[EventRounds "7"]
[EventCountry "BUL"]

1. e4 c5 2. Nf3 Nc6 3. d4 cxd4 4. Nxd4 Nf6 5. Nc3 e5 6. Ndb5 d6 7. Bg5 a6 8.
Na3 b5 9. Nd5 Be7 10. Bxf6 Bxf6 11. c4 b4 12. Nc2 O-O 13. g3 Bg5 14. h4 Bh6 15.
Bh3 Qa5 16. b3 Be6 17. Qd3 Qc5 18. Kf1 Ra7 19. Kg2 a5 20. Rad1 a4 21. g4 f6 22.
g5 Bxh3+ 23. Qxh3 fxg5 24. Qe6+ Kh8 25. Nde3 axb3 26. axb3 Raf7 27. Nf5 Ne7 28.
Nce3 gxh4 29. Rxh4 Ng6 30. Rg4 Nf4+ 31. Rxf4 Bxf4 32. Nxd6 Rf6 33. Qe7 Bxe3 34.
fxe3 Qxe3 35. Nf7+ R8xf7 36. Qxf7 Qg5+ 0-1

[Event "Albena BUL, Team Ch 2011 GrA Men"]
[Site "Albena BUL"]
[Date "2011.06.03"]
[Round "2.1"]
[White "Lalev, Dimitar"]
[Black "Petkov, Vladimir"]
[Result "1/2-1/2"]
[WhiteElo "2365"]
[BlackElo "2517"]
[PlyCount "60"]
[EventDate "2011.06.02"]
[EventType "team"]
[EventRounds "7"]
[EventCountry "BUL"]

1. c4 c5 2. g3 g6 3. Bg2 Bg7 4. Nc3 Nc6 5. e3 e6 6. Nge2 Nge7 7. O-O O-O 8. d4
cxd4 9. Nxd4 Nxd4 10. exd4 d6 11. Qd3 Nf5 12. d5 e5 13. Kh1 Nd4 14. Be3 Bf5 15.
Ne4 Rc8 16. Bxd4 exd4 17. Rac1 Re8 18. Rfe1 Qa5 19. a3 Bxe4 20. Rxe4 Rxe4 21.
Bxe4 Re8 22. Kg2 Qd8 23. Rc2 b6 24. Re2 Kf8 25. b4 f5 26. Bf3 Rxe2 27. Bxe2 Qe7
28. Qf3 Qe4 29. Bd3 Qxf3+ 30. Kxf3 Ke7 1/2-1/2

[Event "Albena BUL, Team Ch 2011 GrA Men"]
[Site "Albena BUL"]
[Date "2011.06.03"]
[Round "2.1"]
[White "Drenchev, Petar"]
[Black "Filev, Georgi"]
[Result "1-0"]
[WhiteElo "2519"]
[BlackElo "2361"]
[PlyCount "97"]
[EventDate "2011.06.02"]
[EventType "team"]
[EventRounds "7"]
[EventCountry "BUL"]

1. d4 Nf6 2. c4 g6 3. Nc3 d5 4. Bf4 Bg7 5. e3 O-O 6. Rc1 c6 7. h3 Be6 8. Qb3
dxc4 9. Bxc4 Bxc4 10. Qxc4 Nbd7 11. Nf3 Rc8 12. O-O c5 13. d5 a6 14. e4 b5 15.
Qe2 Nb6 16. Rfd1 Nfd7 17. e5 e6 18. d6 h6 19. b3 f5 20. exf6 Qxf6 21. Bg3 g5
22. a4 b4 23. Ne4 Qg6 24. Nfd2 a5 25. Nc4 Nd5 26. Nxa5 Nf4 27. Bxf4 gxf4 28. f3
Bd4+ 29. Kh1 e5 30. Nc4 Kh8 31. a5 Rg8 32. Rc2 Rg7 33. Ra2 Rcg8 34. a6 Qe6 35.
a7 Ra8 36. Ra5 Qe8 37. Qa2 Qg6 38. Rd2 Qh5 39. Kh2 Qh4 40. Re2 Qh5 41. Rb5 Rgg8
42. Rb7 Qf5 43. Qc2 Rg7 44. Na5 c4 45. Nc6 cxb3 46. Qxb3 Rgg8 47. Ne7 Nc5 48.
Qxg8+ Rxg8 49. Rb8 1-0

[Event "Albena BUL, Team Ch 2011 GrA Men"]
[Site "Albena BUL"]
[Date "2011.06.03"]
[Round "2.1"]
[White "Tsvetkov, Ilia"]
[Black "Mrdja, Milan"]
[Result "1/2-1/2"]
[WhiteElo "2363"]
[BlackElo "2385"]
[PlyCount "113"]
[EventDate "2011.06.02"]
[EventType "team"]
[EventRounds "7"]
[EventCountry "BUL"]

1. c4 e5 2. Nc3 Bb4 3. Nd5 Be7 4. Nf3 c6 5. Nc3 d6 6. d4 Qc7 7. e4 Nf6 8. Be2
O-O 9. O-O Re8 10. Be3 Ng4 11. Bc1 Nd7 12. h3 Ngf6 13. Be3 Bf8 14. d5 Nc5 15.
Nd2 a5 16. a3 cxd5 17. cxd5 Bd7 18. Rc1 a4 19. Bxc5 dxc5 20. Bd3 Reb8 21. Qe2
Ne8 22. Bb5 Nd6 23. Bxd7 Qxd7 24. f4 exf4 25. e5 Re8 26. Rxf4 b5 27. Re1 Rxe5
28. Qxe5 Re8 29. Nf3 Rxe5 30. Nxe5 Qe8 31. Re2 f6 32. Nc6 Qd7 33. Rf1 Nf5 34.
Rfe1 b4 35. Nxa4 Qxd5 36. Re6 h5 37. Nb6 Qd3 38. Nc8 Nd4 39. R6e3 Qc4 40. Nxd4
Qxd4 41. Kh1 Qxb2 42. axb4 cxb4 43. Ne7+ Kh7 44. Nf5 Qc2 45. Nd4 Qc4 46. Re4
Qd5 47. Ne6 Bd6 48. Rd4 Qc6 49. Red1 Be7 50. Nf4 b3 51. Rd7 Qe4 52. Nd5 b2 53.
Rxe7 Qxd5 54. Rxd5 b1=Q+ 55. Kh2 Qb8+ 56. Kh1 Qb1+ 57. Kh2 1/2-1/2

[Event "Albena BUL, Team Ch 2011 GrA Men"]
[Site "Albena BUL"]
[Date "2011.06.03"]
[Round "2.2"]
[White "Rusev, Krasimir"]
[Black "Dimitrov, Pavel"]
[Result "1-0"]
[WhiteElo "2530"]
[BlackElo "2344"]
[PlyCount "97"]
[EventDate "2011.06.02"]
[EventType "team"]
[EventRounds "7"]
[EventCountry "BUL"]

1. d4 Nf6 2. c4 c5 3. d5 b5 4. Qc2 bxc4 5. e4 d6 6. Bxc4 g6 7. Nf3 Bg7 8. O-O
O-O 9. h3 Na6 10. Nc3 Nc7 11. Bf4 e6 12. dxe6 Bxe6 13. Bxe6 Nxe6 14. Bh2 d5 15.
e5 Ne8 16. Rfd1 N8c7 17. Ne4 dxe4 18. Rxd8 Rfxd8 19. Qxe4 Rab8 20. b3 Nb5 21.
Bg3 Nd6 22. exd6 Bxa1 23. Ne5 Rxd6 24. Nxf7 Rd1+ 25. Kh2 Re8 26. Ng5 Nc7 27.
Qc6 Be5 28. Bxe5 Rxe5 29. Nxh7 Ne6 30. Nf6+ Kg7 31. Ng4 Ree1 32. Ne3 Rh1+ 33.
Kg3 Nd4 34. Qc7+ Kg8 35. Qb8+ Kf7 36. Qxa7+ Ke6 37. Qb6+ Kf7 38. Qc7+ Ke6 39.
Nxd1 Rxd1 40. Qxc5 Nf5+ 41. Kh2 Rd5 42. Qb6+ Rd6 43. Qb8 Nd4 44. a4 Nc6 45. Qb5
Kd7 46. a5 Rd2 47. a6 Ra2 48. b4 Rxf2 49. a7 1-0

[Event "Albena BUL, Team Ch 2011 GrA Men"]
[Site "Albena BUL"]
[Date "2011.06.03"]
[Round "2.2"]
[White "Dimitrov, Radoslav"]
[Black "Enchev, Ivajlo"]
[Result "1-0"]
[WhiteElo "2410"]
[BlackElo "2435"]
[PlyCount "131"]
[EventDate "2011.06.02"]
[EventType "team"]
[EventRounds "7"]
[EventCountry "BUL"]

1. e4 c5 2. f4 d5 3. exd5 Qxd5 4. Nc3 Qd8 5. Nf3 Nf6 6. Ne5 e6 7. Bb5+ Nbd7 8.
Qf3 Be7 9. b3 a6 10. Bxd7+ Nxd7 11. Bb2 Qc7 12. O-O-O O-O 13. Rde1 b5 14. Nxd7
Qxd7 15. Qxa8 Bb7 16. Qa7 Qc6 17. Re5 Bd6 18. Ne4 Bxe5 19. Nxc5 Bxb2+ 20. Kxb2
Bc8 21. Rg1 Rd8 22. Nd3 Qd5 23. g3 Rd7 24. Qe3 Rc7 25. Qe5 Qc6 26. Nb4 Qd7 27.
Re1 f6 28. Qe3 Qd6 29. Qd3 Qc5 30. f5 e5 31. Qd5+ Kf8 32. Qxc5+ Rxc5 33. g4 h5
34. gxh5 Bxf5 35. Rf1 Bc8 36. h6 Kg8 37. hxg7 Kxg7 38. Nd3 Rd5 39. Kc3 Be6 40.
b4 Rd4 41. a3 Rc4+ 42. Kb2 Rd4 43. Rf2 Kg6 44. Nc5 Bc8 45. Rg2+ Kf7 46. d3 f5
47. Kc3 Rf4 48. a4 bxa4 49. Re2 Kf6 50. Re1 Rf2 51. Rh1 a3 52. h4 a2 53. Ra1
Rh2 54. Rxa2 Rxh4 55. Nxa6 Be6 56. Ra1 f4 57. Nc5 Bd5 58. b5 Rh8 59. b6 Ke7 60.
Kb4 f3 61. c4 Bc6 62. Ne4 Bxe4 63. dxe4 Kd6 64. Kb5 f2 65. Rd1+ Ke6 66. b7 1-0

[Event "Albena BUL, Team Ch 2011 GrA Men"]
[Site "Albena BUL"]
[Date "2011.06.03"]
[Round "2.2"]
[White "Vasilev, Milen"]
[Black "Kukov, Velislav"]
[Result "1-0"]
[WhiteElo "2474"]
[BlackElo "2365"]
[PlyCount "101"]
[EventDate "2011.06.02"]
[EventType "team"]
[EventRounds "7"]
[EventCountry "BUL"]

1. d4 d5 2. Nf3 Nc6 3. Bf4 Bg4 4. e3 e6 5. Be2 Bd6 6. Bxd6 cxd6 7. O-O Nf6 8.
h3 Bh5 9. b3 O-O 10. c4 Rc8 11. Nbd2 e5 12. Rc1 exd4 13. Nxd4 Bxe2 14. Nxe2
dxc4 15. Nxc4 d5 16. Nb2 Qa5 17. Na4 Ne4 18. Nd4 Nb4 19. Rxc8 Rxc8 20. Nf5 Rc7
21. Qd4 Nf6 22. Qe5 Nc6 23. Nh6+ Kf8 24. Qd6+ Ne7 25. b4 Qxa4 26. Qxc7 gxh6 27.
Qxb7 Qxa2 28. Qb8+ Kg7 29. Qg3+ Ng6 30. f4 Ne4 31. Qe1 Qb3 32. Qa1+ Kg8 33.
Qxa7 Ng3 34. Ra1 Qxb4 35. Kh2 Nf5 36. Qd7 Qe4 37. Ra7 Nfe7 38. Ra3 Nf5 39. Ra4
d4 40. Ra7 Nge7 41. Qe8+ Kg7 42. Ra8 f6 43. Qf8+ Kg6 44. Ra6 Nc6 45. Qg8+ Ng7
46. g4 Ne7 47. f5+ Nexf5 48. gxf5+ Qxf5 49. Ra2 Qe5+ 50. Kh1 Kh5 51. Qxg7 1-0

[Event "Albena BUL, Team Ch 2011 GrA Men"]
[Site "Albena BUL"]
[Date "2011.06.03"]
[Round "2.2"]
[White "Dimov, Dian"]
[Black "Mishev, Liubomir"]
[Result "0-1"]
[WhiteElo "2292"]
[BlackElo "2210"]
[PlyCount "34"]
[EventDate "2011.06.02"]
[EventType "team"]
[EventRounds "7"]
[EventCountry "BUL"]

1. e4 c5 2. Nf3 e6 3. c3 Nf6 4. e5 Nd5 5. d4 cxd4 6. cxd4 Nc6 7. a3 d6 8. Bd3
Be7 9. O-O O-O 10. Qe2 Bd7 11. Nc3 dxe5 12. dxe5 Nxc3 13. bxc3 Qc7 14. Qe4 g6
15. Bh6 Rfd8 16. Rfe1 Be8 17. Re3 Rd5 0-1

[Event "Albena BUL, Team Ch 2011 GrA Men"]
[Site "Albena BUL"]
[Date "2011.06.03"]
[Round "2.2"]
[White "Milchev, Nikolay"]
[Black "Shishkov, Minko"]
[Result "0-1"]
[WhiteElo "2371"]
[BlackElo "2286"]
[PlyCount "78"]
[EventDate "2011.06.02"]
[EventType "team"]
[EventRounds "7"]
[EventCountry "BUL"]

1. c4 g6 2. g3 Bg7 3. Bg2 c5 4. Nc3 Nc6 5. Nf3 b6 6. O-O Bb7 7. e3 Bxc3 8. dxc3
Qc7 9. e4 d6 10. Qe2 h6 11. Ne1 O-O-O 12. f4 e6 13. f5 Qe7 14. fxg6 fxg6 15.
Nd3 g5 16. e5 d5 17. cxd5 exd5 18. Bh3+ Kb8 19. e6 Qd6 20. Bd2 Nge7 21. Rae1
Ba6 22. b3 Ng6 23. Bf5 Nge5 24. Bc1 Rhe8 25. Nxe5 Bxe2 26. Nf7 Bxf1 27. Nxd6
Rxd6 28. Kxf1 Rf8 29. g4 Ne7 30. Re5 d4 31. Ke2 dxc3 32. h4 Nc6 33. Re4 Rg8 34.
hxg5 hxg5 35. e7 Re8 36. Bxg5 Kb7 37. Re3 c2 38. Bxc2 Nd4+ 39. Kd1 Ne6+ 0-1

[Event "Albena BUL, Team Ch 2011 GrA Men"]
[Site "Albena BUL"]
[Date "2011.06.03"]
[Round "2.3"]
[White "Georgiev, Krum"]
[Black "Janev, Evgeni"]
[Result "1/2-1/2"]
[WhiteElo "2423"]
[BlackElo "2500"]
[PlyCount "60"]
[EventDate "2011.06.02"]
[EventType "team"]
[EventRounds "7"]
[EventCountry "BUL"]

1. e4 e5 2. Nf3 Nc6 3. Bb5 a6 4. Bxc6 dxc6 5. O-O Bg4 6. d3 Nf6 7. Nbd2 Nd7 8.
c3 Qf6 9. h3 Bxf3 10. Qxf3 Qxf3 11. Nxf3 c5 12. Be3 Bd6 13. Rad1 O-O-O 14. Nd2
Rhe8 15. Nc4 Bf8 16. Bg5 f6 17. Bc1 Re6 18. f3 Nb6 19. Nxb6+ Rxb6 20. Kf2 Rbd6
21. Ke2 b5 22. Be3 R6d7 23. c4 Kb7 24. Rd2 bxc4 25. dxc4 Rxd2+ 26. Bxd2 Kc6 27.
Rd1 Be7 28. Be3 Rxd1 29. Kxd1 h5 30. a4 h4 1/2-1/2

[Event "Albena BUL, Team Ch 2011 GrA Men"]
[Site "Albena BUL"]
[Date "2011.06.03"]
[Round "2.3"]
[White "Shukin, Emil"]
[Black "Arnaudov, G  Petar"]
[Result "1/2-1/2"]
[WhiteElo "2236"]
[BlackElo "2449"]
[PlyCount "107"]
[EventDate "2011.06.02"]
[EventType "team"]
[EventRounds "7"]
[EventCountry "BUL"]

1. Nf3 Nf6 2. c4 e6 3. Nc3 c5 4. d4 cxd4 5. Nxd4 Bb4 6. Ndb5 Nc6 7. a3 Bxc3+ 8.
Nxc3 d5 9. cxd5 exd5 10. Bg5 d4 11. Ne4 Qa5+ 12. b4 Qe5 13. Nxf6+ gxf6 14. Bh6
a5 15. b5 Qxb5 16. e4 Qc5 17. Qc1 Qxc1+ 18. Rxc1 Rg8 19. Bf4 Ke7 20. Bg3 Bd7
21. Bb5 Ne5 22. Rb1 Rad8 23. O-O Bc6 24. f3 h5 25. Kh1 Rd7 26. Rfd1 Bxb5 27.
Rxb5 Nc4 28. Bf2 Rc8 29. Rxd4 Nxa3 30. Rxd7+ Kxd7 31. Rxb7+ Rc7 32. Rb3 Rc1+
33. Bg1 Nc4 34. h4 Kc6 35. Kh2 Rc2 36. Bd4 a4 37. Rb8 a3 38. Bxf6 a2 39. Ra8
Ne3 40. Rc8+ Kd6 41. Rxc2 Nxc2 42. g4 Ke6 43. Bb2 hxg4 44. fxg4 a1=Q 45. Bxa1
Nxa1 46. g5 Nb3 47. Kg3 Nc5 48. Kf4 Nd3+ 49. Ke3 Ne5 50. h5 Nd7 51. Kf4 Nc5 52.
Ke3 Nd7 53. Kf4 Nf8 54. g6 1/2-1/2